Biggest Cities in Sweden on a Map - Statistics

General Stats
  • This quiz has been taken 853 times
  • The average score is 8 of 10
Answers on the Map
Answers color-coded by a green-red scale on the quiz's map according to % correct below.
 
Answer Stats
Population City % Correct
1,758,893 Stockholm
100%
651,014 Gothenburg
98%
321,845 Malmo
98%
166,049 Uppsala
82%
117,898 Linkoping
66%
112,496 Helsingborg
63%
100,299 Jonkoping
63%
97,979 Norrkoping
63%
125,817 Orebro
62%
127,799 Vasteras
57%
No matching quizzes found
Score Distribution
Percent of People with Each Score
Percentile by Number Answered
Your Score History
You have not taken this quiz